Ésser mosso d'esquadra avui : informació de la convocatòria del concurs-oposició, juliol 1982 informació de la convocatòria del concurs-oposició, juliol 1982
Descripción Física:
14 p. ; 24 cm
Materias:
Catalunya. Mossos d'Esquadra
MARC
| LEADER | 00000nam a2200000Ia 4500 | ||
|---|---|---|---|
| 001 | 8208 | ||
| 008 | 160829s9999 xx 000 0 cat d | ||
| 080 | |a FU-8-17 | ||
| 245 | |a Ésser mosso d'esquadra avui : |b informació de la convocatòria del concurs-oposició, juliol 1982 | ||
| 260 | |a Barcelona : |b Generalitat de Catalunya, Departament de Governació, DL 1982 | ||
| 300 | |a 14 p. ; |c 24 cm | ||
| 650 | |a Catalunya. Mossos d'Esquadra | ||
| 710 | |a Catalunya. |b Departament de Governació |9 16938 | ||
| 901 | |a Arxiu | ||
| 942 | |n 1 | ||
| 952 | |0 0 |1 0 |4 0 |6 FU817 |7 1 |9 44135 |a Arxiu |b Arxiu |d 2016-12-01 |l 0 |o FU-8-17 |p 8208 |r 2016-12-01 00:00:00 |w 2016-12-01 |y ARXIU | ||
| 999 | |c 46715 |d 46715 | ||